| 000 | 00795nam a2200253Ia 4500 | ||
|---|---|---|---|
| 003 | OSt | ||
| 005 | 20220927105412.0 | ||
| 006 | a|||||r|||| 00| 0 | ||
| 007 | ta | ||
| 008 | 220926b |||||||| |||| 00| 0 eng d | ||
| 020 | _a9788188965499 | ||
| 024 | _a189805 | ||
| 037 | _cReference Collections | ||
| 040 |
_aRTL _cRTL _beng |
||
| 041 |
_2eng _aeng |
||
| 082 | _a"Y:3(NW).235.P0<- L0, Q0" | ||
| 100 |
_aGabriel Karen _9372224 |
||
| 245 | 0 |
_aMelodrama and the nation _b Sexual economies of Bombay Cinema 1970-2000 |
|
| 260 |
_aNew _bDelhi Women Unlimited _c2010 |
||
| 300 |
_a"xlii, 392p Bibliography: P 366-92" _ccm. |
||
| 650 | _aSociology | ||
| 942 |
_h"Y:3(NW).235.P0<- L0, Q0" _cCC |
||
| 999 |
_c692362 _d692362 |
||